000 00486cam a2200181 4500
001 945
003 OCoLC
005 20181127162334.0
008 960607s1996 nyu 000 0 eng d
020 _a0515121827
100 1 _aWillett, Sabin.
245 1 4 _aThe deal /
_cSabin Willet.
260 _aNew York :
_bJove Books,
_c1996.
300 _a483 p. ;
_c17 cm.
650 0 _aLawyers
_zMassachusetts
_zBoston
_vFiction.
651 0 _aBoston (Mass.)
_vFiction.
655 7 _aLegal stories.
_2gsafd.
999 _c663
_d663